000 00424nam a2200157 a 4500
001 000033152
005 20200930070048.0
008 110818s1939 dr c 000 0 spa d
040 _aDO-SdBNP
_bspa
_cBNPHU
082 _axxxx
_bD337n
100 1 _aDelanoy, Oscar
_957393
245 1 3 _aEl nacionalismo de Trujillo /
_cOscar Delanoy.
260 _a[Santo Domingo :
_bs.n],
_c1939.
300 _a38 p. ;
_c22 cm.
049 _aBNPD
999 _c32643
_d32643